LEADER 00922nam0-22002891i-450- 001 990007670020403321 005 20081001100319.0 035 $a000767002 035 $aFED01000767002 035 $a(Aleph)000767002FED01 035 $a000767002 100 $a20030814d--------km-y0itay50------ba 101 0 $aita 200 1 $aResponsabilita in tema di tutela dell'ambiente$eJesolo, 30 maggio - 1 giugno 1985. Atti del Convegno C.I.D.I.S. -Centro Internazionale di Studi Giuridici$fCidis. 210 $aPadova$cCEDAM$d1986. 215 $aVII, 404 p.$d24 cm 676 $a340 710 02$aCentro internazionale di studi giuridici$0227422 801 0$aIT$bUNINA$gRICA$2UNIMARC 901 $aBK 912 $a990007670020403321 952 $a22-T-195$b169*$fDDCP 952 $aXXVIII 648$b369$fDDCIC 959 $aDDCP 959 $aDDCIC 996 $aResponsabilita in tema di tutela dell'ambiente$9680016 997 $aUNINA